Community income distributions in a metropolitan area (Record no. 76220)

000 -LEADER
fixed length control field 00440pab a2200169 454500
008 - FIXED-LENGTH DATA ELEMENTS--GENERAL INFORMATION
fixed length control field 180718b2007 xxu||||| |||| 00| 0 eng d
100 ## - MAIN ENTRY--PERSONAL NAME
Personal name Bartolome, Charles A.M. de
245 ## - TITLE STATEMENT
Title Community income distributions in a metropolitan area
260 ## - PUBLICATION, DISTRIBUTION, ETC.
Date of publication, distribution, etc. 2007
300 ## - PHYSICAL DESCRIPTION
Extent p.496-518,
362 ## - DATES OF PUBLICATION AND/OR SEQUENTIAL DESIGNATION
Dates of publication and/or sequential designation May
650 ## - SUBJECT ADDED ENTRY--TOPICAL TERM
Topical term or geographic name entry element Income distribution
700 ## - ADDED ENTRY--PERSONAL NAME
Personal name Ross, Stephen L.
773 ## - HOST ITEM ENTRY
Main entry heading Journal of Urban Economics
908 ## - PUT COMMAND PARAMETER (RLIN)
Put command parameter N
909 ## -
-- 76220
Holdings
Withdrawn status Lost status Damaged status Not for loan Permanent Location Current Location Date acquired Serial Enumeration / chronology Barcode Date last seen Price effective from Koha item type
        Indian Institute of Public Administration Indian Institute of Public Administration 2018-07-19 Volume no: 61, Issue no: 3 AR76680 2018-07-19 2018-07-19 Articles

Powered by Koha